000 00344nam a2200121Ia 4500
008 220204s9999 xx 000 0 und d
082 _a339.564(540)
_bBHA
100 _aBhashyam, S
245 0 _aExport promotion in India: The institutional infrastructure
260 _aNew Delhi
_bCommonwealth
_c1988
650 _aExport promotion
942 _cBK
999 _c40039
_d40039